Loading...
| Current Events | 1 | 20.00 | 100% | 100% | 0% |
| Fine Arts - Classical Music | 5 | 18.00 | 100% | 60% | 20% |
| Fine Arts - Other | 5 | 16.00 | 100% | 60% | 0% |
| Fine Arts - Painting and Sculpture | 6 | 20.00 | 100% | 67% | 33% |
| Geography | 3 | 23.33 | 100% | 100% | 33% |
| History - American | 4 | 25.00 | 100% | 100% | 50% |
| History - European | 5 | 20.00 | 100% | 80% | 20% |
| History - Other | 5 | 18.00 | 100% | 60% | 20% |
| History - World | 7 | 21.43 | 100% | 86% | 29% |
| Literature - American | 7 | 21.43 | 100% | 100% | 14% |
| Literature - British | 6 | 16.67 | 100% | 33% | 33% |
| Literature - European | 5 | 22.00 | 100% | 100% | 20% |
| Literature - World | 7 | 18.57 | 100% | 71% | 14% |
| Mythology | 4 | 27.50 | 100% | 75% | 100% |
| Other Academic | 2 | 15.00 | 100% | 50% | 0% |
| Philosophy | 8 | 16.25 | 100% | 63% | 0% |
| Religion | 4 | 17.50 | 100% | 50% | 25% |
| Science - Biology | 5 | 18.00 | 100% | 40% | 40% |
| Science - Chemistry | 6 | 11.67 | 100% | 17% | 0% |
| Science - Other | 7 | 11.43 | 86% | 29% | 0% |
| Science - Physics | 4 | 7.50 | 75% | 0% | 0% |
| Social Science | 6 | 13.33 | 83% | 50% | 0% |